1964 1369 1225 1490 1270 1423 1695 1859 1082 1623 1563 1853 1744 1995 1938 1930 1923 1679 1323 1084 1513 1365 1812 1843 1631 1724 1133 1041 1324 1138 1883 1161 1367 1955 1009 1283 1546 1729 1873 1251 1036 1698 1550 1047 1775 1135 1255 1463 1137 1312 1456 1668 1244 1359 1969 1620 1585 1176 1056 1009 1409 1489 1441 1286 1369 1725 1194 1827 1791 1555 1796 1766 1492 1515 1164 1380 1669 1238 1822 1688 1122 1015 1806 1756 1027 1355 1485 1204 1061 1526 1244 1801 1776 1022 1562 1788 1123 1002 1645 BCNSPRNW ULIB Ver.6.0+V

เปลี่ยนเป็นภาษาไทย

Change to English
 แสดงรายละเอียดบรรณานุกรม
  กลับหน้าหลัก

Brief Record : Get Marc (ISO 2709) : E-mail record : QR code < ปิดหน้าต่าง
LEADER : 00000nam 2200000uu 4500
001    13399111743
003     ULIB
008    110707s2549||||th 000 0 tha d
020    9789749467848
050 04 DS494.5^bส853ภ 2549
100 0  สุรวีร์ วาณิชเสนี
245 10 ภูฏาน อ่านว่าอะไร? /^cสุรวีร์ วาณิชเสนี
250    พิมพ์ครั้งที่ 1
260    กรุงเทพฯ :^bอะบุ๊ก,^c2549
300    [214] หน้า :^bภาพประกอบ
504    บรรณานุกรม: หน้า [209]
651  7 ภูฏาน^xภูมิประเทศและการท่องเที่ยว
651  7 ภูฏาน^xความเป็นอยู่และประเพณี
945    ^p195^l0^i019612
995    ทศพร
999 ^a ใช้งานได้ทุกระบบ
รายการนี้ยังไม่มีแท็ก
คุณยังไม่ได้ล็อกอิน คุณสามารถมีกิจกรรมร่วมกับเว็บไซต์ได้ แต่ต้องล็อกอินก่อน ::
  ล็อกอิน

รายการสื่อสารสนเทศ

ลำดับที่ ประเภท เลขเรียก/บาร์โค้ด สถานที่ สถานะ
- ไม่พบข้อมูล -

BibComment


ยังไม่เคยถูกคอมเมนท์

คอมเมนท์ทรัพยากรรายการนี้
  คอมเมนท์: ภูฏาน อ่านว่าอะไร..


 Copyright 2026. Bcnsprnw @Library